BIBLIOTHÈQUE DE LA MAISON DU MEXIQUE

Logo 1 Logo 2

El río Bravo es charco (notice nᵒ 1933)

détails MARC
000 -Sello discográfico
campo de control de longitud fija 00980nam a2200301 4500
005 - Identificación de versión
campo de control 20251016083147.0
010 ## - Número Estándar Internacional de Libros (ISBN)
Número (ISBN) 968-6959-28-9
035 ## - Otros números de control del sistema
Número de control del sistema 22584
099 ## - fechas locales
Tipo de ítem Koha LIBRO
100 ## - Datos de procesamiento general
Datos de procesamiento general 19970729d1995 m y1spay5003 ba
105 ## - Campo de datos codificados: Material textual, monográfico
Datos codificados de monografía a 001zy
200 1# - Título y mención de responsabilidad
Título propio El río Bravo es charco
Designación general del material texto impreso
Otra información del título cancionero del migrante
Primer mención de responsabilidad Gustavo López Castro
210 ## - Publicación, distribución, etc.
Lugar de publicación, distribución, etc. Zamora [México]
Nombre del editor, distribuidor, etc. El Colegio de Michoacán
Fecha de publicación, distribución, etc. 1995
215 ## - Descripción física
Designación de material específico y extensión del ítem 552 p
Otras características físicas il.
Dimensiones 23 cm
345 ## - Nota de información de adquisición
Fuente de adquisición/dirección de la suscripción [OBSOLETO] Intercambio
606 ## - Término temático usado como materia
Elemento de entrada Canciones folklóricas mexicanas
Número Koha 4763
607 ## - Nombre geográfico utilizado como tema
Elemento de entrada Estados Unidos
Subdivisión temática Emigración e inmigración
Número Koha 277
607 ## - Nombre geográfico utilizado como tema
Elemento de entrada México
Subdivisión temática Emigración e inmigración
Número Koha 278
660 ## - Código de área geográfica
Código MX
700 ## - Nombre personal - Responsabilidad primaria
Elemento de entrada López Castro
Parte del nombre distinta del elemento de entrada Gustavo
Número Koha 4764
801 #0 - Fuente de origen
Agencia cm
900 ## -
-- 1/14410
900 ## -
-- 710973894\\290797
942 ## - ELEMENTOS DE ENTRADA SECUNDARIOS (KOHA)
Tipo de ítem Koha Livre
996 ## -
-- MEX
-- 751145101
-- MMAG
-- 009217
-- 784.49 L864RI
-- 20231218LIV
Exemplaires
Estatus retirado Estado de daño Estado de pérdida Fecha de adquisición Biblioteca de origen Biblioteca actual Ubicación en estantería Código de barras Precio de reemplazo Signatura topográfica completa No para préstamo Tipo de ítem Koha Nota pública Nota no pública
      05/08/2025 Casa México Paris Casa México Paris   009217 05/08/2025 784.49 L864RI   Livre 20231218LIV 751145101